WCW SuperBrawl Wrestling (SNES Game) Roster Quiz - Statistics

General Stats
  • This quiz has been taken 47 times
  • The average score is 9 of 12
Answer Stats
Wrestler % Correct
Sting
100%
Ric Flair
94%
Vader
94%
Ron Simmons
85%
Brian Pillman
73%
Rick Rude
73%
Ricky Steamboat
73%
Rick Steiner
67%
Scott Steiner
67%
Dustin Rhodes
64%
Johnny B. Badd
52%
Barry Windham
48%
No matching quizzes found
Score Distribution
Percent of People with Each Score
Percentile by Number Answered
Your Score History
You have not taken this quiz